[Event "OLNO 1718 FHSH Stralsund - SC Weisse Da"]
[Site "?"]
[Date "2018.02.04"]
[Round "6.2"]
[White "Hubert, Peter"]
[Black "Moeller, Hendrik"]
[Result "0-1"]
[WhiteElo "2075"]
[BlackElo "2269"]
[PlyCount "120"]
[EventDate "2018.??.??"]

1. e4 c6 2. d4 d5 3. Nc3 dxe4 4. Nxe4 Bf5 5. Ng3 Bg6 6. Nf3 Nd7 7. h4 h6 8. h5
Bh7 9. Bd3 Bxd3 10. Qxd3 e6 11. Bf4 Qa5+ 12. Bd2 Bb4 13. O-O Ngf6 14. Bxb4 Qxb4
15. Qb3 a5 16. Rfe1 O-O 17. c3 Qd6 18. Ne5 Qc7 19. Rad1 a4 20. Qc2 Ra5 21. Nxd7
Nxd7 22. Qe4 Nf6 23. Qf3 Rd8 24. b4 axb3 25. axb3 Ra3 26. c4 Qb6 27. c5 Qb4 28.
Ne4 Nxe4 29. Rxe4 Rxb3 30. Qf4 Rb1 31. Rxb1 Qxb1+ 32. Kh2 Rd5 33. g4 Kh7 34.
Re5 Rd7 35. Re4 Qd1 36. f3 Qb3 37. Kg3 b5 38. cxb6 Qxb6 39. Qe3 Rd5 40. Qf4 Kg8
41. Qe3 Qb8+ 42. Qf4 Qa7 43. Qc1 Qa4 44. Qc3 Qa6 45. Re1 Rb5 46. Rc1 Rb6 47.
Qc5 Qb7 48. Qd6 Ra6 49. g5 hxg5 50. Qd8+ Kh7 51. Qxg5 Qb8+ 52. Qe5 Qd8 53. Rc5
Ra4 54. Qe4+ Kg8 55. Rxc6 Rxd4 56. Rc8 Qxc8 57. Qxd4 Qc7+ 58. f4 Qc2 59. Qe5
Kh7 60. Qb8 Qe2 0-1

[Event "OLNO 1718 FHSH Stralsund - SC Weisse Da"]
[Site "?"]
[Date "2018.02.04"]
[Round "6.3"]
[White "Uhl, Heinz"]
[Black "Glawe, Hartmut"]
[Result "1/2-1/2"]
[WhiteElo "2145"]
[BlackElo "2042"]
[PlyCount "91"]
[EventDate "2018.??.??"]

1. c4 Nf6 2. Nc3 e5 3. g3 Bb4 4. Bg2 O-O 5. e4 Bxc3 6. bxc3 c6 7. Ne2 Re8 8.
O-O d5 9. cxd5 cxd5 10. exd5 Nxd5 11. h3 Nc6 12. f4 Bf5 13. Qb3 Nb6 14. fxe5
Be6 15. Qc2 Bc4 16. d4 Nd5 17. Re1 Rc8 18. Nf4 Nc7 19. Be4 g6 20. Qd2 Qd7 21.
Kh2 Rcd8 22. Qf2 Nb5 23. Re3 Na5 24. Bc2 Nxd4 25. cxd4 Qxd4 26. Rb1 Bxa2 27.
Bb2 Qb6 28. e6 fxe6 29. Ng2 Rf8 30. Qe1 Rc8 31. Ba3 Bxb1 32. Bxb1 Nc4 33. Rxe6
Qb3 34. Bxf8 Rxf8 35. Re7 Nd2 36. Be4 Nf1+ 37. Kg1 Nxg3 38. Bd5+ Qxd5 39. Qxg3
Qc5+ 40. Qe3 Qxe3+ 41. Nxe3 Rf7 42. Re8+ Rf8 43. Re5 Kf7 44. Rc5 Ke6 45. Nc4
Kd7 46. Rd5+ 1/2-1/2

[Event "OLNO 1718 FHSH Stralsund - SC Weisse Da"]
[Site "?"]
[Date "2018.02.04"]
[Round "6.4"]
[White "Kohn, Andreas"]
[Black "Abraham, Ingo"]
[Result "0-1"]
[WhiteElo "1953"]
[BlackElo "2217"]
[PlyCount "66"]
[EventDate "2018.??.??"]

1. e4 c5 2. Nf3 d6 3. d4 cxd4 4. Nxd4 Nf6 5. Nc3 a6 6. Be3 e5 7. Nb3 Be7 8. f3
Be6 9. Qd2 Nbd7 10. g4 b5 11. g5 Nh5 12. Nd5 Bxd5 13. Qxd5 Rc8 14. Qd2 Nb6 15.
O-O-O Nc4 16. Bxc4 bxc4 17. Na1 c3 18. bxc3 O-O 19. h4 Rc4 20. Nb3 Qc7 21. Qf2
Rxc3 22. Bb6 Qc6 23. Ba5 Rc4 24. Kb2 Rc8 25. Rc1 Nf4 26. Rhd1 d5 27. exd5 Nxd5
28. Qd2 Nc3 29. Bxc3 Rxc3 30. Qe2 Qa4 31. Qxe5 Ba3+ 32. Kb1 Qc6 33. Nd4 Qb6+
0-1

[Event "OLNO 1718 FHSH Stralsund - SC Weisse Da"]
[Site "?"]
[Date "2018.02.04"]
[Round "6.5"]
[White "Venske, Kai-Gerrit"]
[Black "Paulowitz, Bernd-Rainer"]
[Result "1-0"]
[WhiteElo "2175"]
[BlackElo "1921"]
[PlyCount "38"]
[EventDate "2018.??.??"]

1. d4 d5 2. Nc3 g6 3. e4 dxe4 4. Nxe4 Bg7 5. c3 c6 6. Bc4 b5 7. Bb3 Bf5 8. Ng5
Nh6 9. h3 O-O 10. Bf4 Nd7 11. g4 e5 12. Be3 exd4 13. cxd4 Re8 14. Nxf7 Nxf7 15.
gxf5 gxf5 16. Qh5 Qf6 17. Nf3 Kf8 18. O-O-O Nd6 19. Ng5 Qd8 1-0

[Event "OLNO 1718 FHSH Stralsund - SC Weisse Da"]
[Site "?"]
[Date "2018.02.04"]
[Round "6.6"]
[White "Giese, Lothar"]
[Black "Mohrmann, Ralf"]
[Result "0-1"]
[WhiteElo "1898"]
[BlackElo "2045"]
[PlyCount "36"]
[EventDate "2018.??.??"]

1. c4 Nf6 2. Nc3 g6 3. e4 d6 4. d4 Bg7 5. Be2 O-O 6. h3 e5 7. d5 a5 8. Be3 Na6
9. Nf3 Nc5 10. Bxc5 dxc5 11. Nh2 Ne8 12. Qd2 Nd6 13. O-O f5 14. f3 Bd7 15. b3
Qh4 16. Bd3 Bh6 17. Qe2 Bf4 18. Kh1 Qg3 0-1

[Event "OLNO 1718 FHSH Stralsund - SC Weisse Da"]
[Site "?"]
[Date "2018.02.04"]
[Round "6.7"]
[White "Lenhardt, Manfred"]
[Black "Manke, Karsten"]
[Result "1-0"]
[WhiteElo "2046"]
[BlackElo "1814"]
[PlyCount "63"]
[EventDate "2018.??.??"]

1. d4 c5 2. e3 e6 3. Nf3 d5 4. Be2 Nf6 5. O-O Be7 6. Nbd2 O-O 7. a3 a6 8. dxc5
Bxc5 9. b4 Be7 10. c4 Nbd7 11. Bb2 b6 12. Bd3 Bb7 13. Qe2 a5 14. Bc3 Bd6 15. e4
Bc7 16. Rfd1 Re8 17. h4 h6 18. Bc2 Qb8 19. e5 Ng4 20. Re1 Qd8 21. Qd3 Nf8 22.
Bd4 dxc4 23. Nxc4 Bxf3 24. gxf3 Qxh4 25. fxg4 Qxg4+ 26. Kf1 Rad8 27. Re4 Qh5
28. Rae1 Ng6 29. Qe3 b5 30. Nd2 Rxd4 31. Rxd4 Bxe5 32. Bxg6 1-0

[Event "OLNO 1718 FHSH Stralsund - SC Weisse Da"]
[Site "?"]
[Date "2018.02.04"]
[Round "6.8"]
[White "Vietinghoff, Klaus"]
[Black "Wirth, Heinz"]
[Result "0-1"]
[WhiteElo "1800"]
[BlackElo "2052"]
[PlyCount "120"]
[EventDate "2018.??.??"]

1. f4 Nf6 2. Nf3 g6 3. e3 Bg7 4. d4 O-O 5. Bd3 d6 6. O-O c5 7. c3 Nc6 8. Bc2
cxd4 9. exd4 Be6 10. Nbd2 Rc8 11. Qe1 Qa5 12. Nb3 Qb5 13. Ng5 Bf5 14. Bxf5 Qxf5
15. Nd2 d5 16. Ndf3 h6 17. Nh3 Rfe8 18. Ne5 Na5 19. Nf2 h5 20. h3 Qc2 21. g4
Nc4 22. gxh5 Nxh5 23. Nfd3 Nxe5 24. Nxe5 Qf5 25. Ng4 Nf6 26. Qh4 Qh5 27. Qxh5
Nxh5 28. Kg2 e6 29. Ne5 Rc7 30. Be3 Rec8 31. a3 Bf8 32. Kf3 Be7 33. Rg1 Bf6 34.
Rg4 Kh7 35. Rag1 Rg8 36. R4g2 Ng7 37. Bd2 Nf5 38. Ke2 Nd6 39. Be1 Nf5 40. h4
Bxe5 41. fxe5 Ng7 42. Bd2 Rh8 43. Bg5 Kg8 44. Bf6 Rh5 45. Bg5 Kh7 46. Rg4 Rc8
47. Rf1 Nf5 48. Bf6 Kg8 49. Kd3 Kf8 50. Rc1 Ke8 51. Rf4 Ng3 52. Rg1 Ne4 53. Bg5
Kf8 54. Rgf1 Rc7 55. Rg4 Kg7 56. Rf3 Nxg5 57. hxg5 Rh2 58. b4 b5 59. Rgf4 Ra2
60. Rh3 Rxc3+ 0-1

[Event "OLNO 1718 TSG Neuruppin - SC Rotation P"]
[Site "?"]
[Date "2018.02.04"]
[Round "6.1"]
[White "Rietze, Clemens"]
[Black "Schoene, Ralf"]
[Result "1-0"]
[WhiteElo "2314"]
[BlackElo "2267"]
[PlyCount "104"]
[EventDate "2018.??.??"]

1. d4 Nf6 2. c4 g6 3. Nc3 Bg7 4. e4 d6 5. f3 O-O 6. Be3 c6 7. Bd3 a6 8. a4 a5
9. Qd2 e5 10. Nge2 Na6 11. Rd1 Qe7 12. O-O Nb4 13. Bb1 Kh8 14. Kh1 Ng8 15. Ng3
Be6 16. b3 c5 17. dxc5 dxc5 18. Qd6 Rfc8 19. Qxe7 Nxe7 20. Nd5 Nexd5 21. exd5
Bd7 22. Ne4 b6 23. Bg5 f5 24. Nf6 Ra7 25. g4 Rf8 26. Nxd7 Rxd7 27. gxf5 gxf5
28. Rfe1 Rff7 29. Bc1 Rd8 30. Bb2 Re8 31. Re2 e4 32. Bxg7+ Kxg7 33. fxe4 fxe4
34. Rxe4 Rxe4 35. Bxe4 Re7 36. Bf5 Rf7 37. Be6 Rf6 38. Rg1+ Rg6 39. Rf1 Rf6 40.
Bf5 h6 41. Kg2 Kf8 42. Rf3 Ke7 43. Kg3 Kd6 44. Kg4 Rf7 45. h4 Ke5 46. Re3+ Kd4
47. Re6 Kc3 48. Rxb6 Kxb3 49. d6 Rf8 50. d7 Kxc4 51. Rxh6 Kd5 52. Re6 Rd8 1-0

[Event "OLNO 1718 TSG Neuruppin - SC Rotation P"]
[Site "?"]
[Date "2018.02.04"]
[Round "6.2"]
[White "Heuer, Thomas"]
[Black "Neumeier, Lars"]
[Result "0-1"]
[WhiteElo "2109"]
[BlackElo "2331"]
[PlyCount "92"]
[EventDate "2018.??.??"]

1. Nf3 Nf6 2. c4 c5 3. Nc3 g6 4. g3 Bg7 5. Bg2 O-O 6. O-O d6 7. d4 Nbd7 8. d5
a6 9. a4 Rb8 10. Bd2 Ne8 11. Qc1 Nc7 12. Bh6 b5 13. Bxg7 Kxg7 14. axb5 axb5 15.
b3 bxc4 16. bxc4 Ba6 17. Ne4 f6 18. Ra3 Rb4 19. Nfd2 Nb6 20. Rc3 Qd7 21. f4 Na4
22. Rc2 Rfb8 23. Nf2 Nb2 24. Nd3 Nxd3 25. exd3 e6 26. dxe6 Nxe6 27. Bh3 f5 28.
Qa1+ Nd4 29. Nf3 Ra4 30. Ra2 Rxa2 31. Qxa2 Nxf3+ 32. Rxf3 Bb7 33. Rf2 Bc6 34.
Bg2 Qb7 35. Bxc6 Qxc6 36. Rb2 Ra8 37. Qb3 Kf6 38. Qb7 Qa4 39. Re2 Qd1+ 40. Kf2
Ra1 41. Qg2 Rb1 42. Ra2 Kg7 43. Ke3 Rb8 44. Qd2 Qf1 45. Ra7+ Kh6 46. Re7 Rb1
0-1

[Event "OLNO 1718 TSG Neuruppin - SC Rotation P"]
[Site "?"]
[Date "2018.02.04"]
[Round "6.3"]
[White "Guth, Thomas"]
[Black "Simon, Ralf-Axel"]
[Result "0-1"]
[WhiteElo "2329"]
[BlackElo "2149"]
[PlyCount "72"]
[EventDate "2018.??.??"]

1. e4 e5 2. Nf3 Nc6 3. Bc4 Bc5 4. b4 Bxb4 5. O-O Nf6 6. Bb2 Nxe4 7. Nxe5 Nxe5
8. Bxe5 d5 9. Bb3 O-O 10. d3 Nc5 11. Qf3 c6 12. Qg3 Ne6 13. c4 f6 14. cxd5 cxd5
15. Bb2 Nc7 16. Nc3 Be6 17. Ne2 Bd6 18. Qf3 Qd7 19. h3 Bf7 20. Rac1 Be5 21. d4
Bd6 22. Ng3 Rfc8 23. Nf5 Bf8 24. Rfe1 a5 25. a4 Rab8 26. Re7 Bxe7 27. Qg4 Ne6
28. Bxd5 Rxc1+ 29. Bxc1 Bd8 30. Bb3 b5 31. Qg3 Bc7 32. Nh6+ Kh8 33. Bc2 g6 34.
Qf3 Nxd4 35. Qd1 Rd8 36. Nxf7+ Qxf7 0-1

[Event "OLNO 1718 TSG Neuruppin - SC Rotation P"]
[Site "?"]
[Date "2018.02.04"]
[Round "6.4"]
[White "Schuckar, Donald"]
[Black "Dauth, Benjamin"]
[Result "0-1"]
[WhiteElo "1983"]
[BlackElo "2328"]
[PlyCount "66"]
[EventDate "2018.??.??"]

1. d4 c5 2. d5 e5 3. dxe6 fxe6 4. e4 Nc6 5. Nf3 d6 6. Nc3 Be7 7. h4 Nf6 8. h5
O-O 9. h6 g6 10. a3 Ng4 11. Be2 Nce5 12. O-O Nf7 13. g3 Ngxh6 14. Kg2 Ng4 15.
Rh1 Ng5 16. Bf4 Nxf3 17. Bxf3 e5 18. Bxg4 exf4 19. Qd5+ Kg7 20. Bxc8 Qxc8 21.
f3 Qe8 22. gxf4 Rxf4 23. Na2 Rf6 24. Rh3 Qf7 25. Qd2 Rf8 26. Rah1 h5 27. f4 Qe6
28. Qe3 d5 29. Rg3 Kf7 30. e5 Rf5 31. b4 h4 32. Rf3 b6 33. Nc3 d4 0-1

[Event "OLNO 1718 TSG Neuruppin - SC Rotation P"]
[Site "?"]
[Date "2018.02.04"]
[Round "6.5"]
[White "Seils, Joerg"]
[Black "Neumann, Pierre"]
[Result "1-0"]
[WhiteElo "2311"]
[BlackElo "1930"]
[PlyCount "51"]
[EventDate "2018.??.??"]

1. e4 d5 2. exd5 Nf6 3. Nf3 Nxd5 4. d4 e6 5. c4 Nf6 6. Nc3 Bd6 7. Bg5 O-O 8.
Bd3 h6 9. Bh4 Re8 10. O-O Nbd7 11. Re1 Be7 12. Ne5 Nxe5 13. dxe5 Nd7 14. Bxe7
Qxe7 15. Qg4 c6 16. Re3 Qg5 17. Qe2 b6 18. Re1 Nc5 19. Rg3 Qe7 20. Qh5 Qf8 21.
Bc2 Kh8 22. Ree3 Ba6 23. Ref3 Re7 24. b4 Nd7 25. Ne4 g6 26. Rxg6 1-0

[Event "OLNO 1718 TSG Neuruppin - SC Rotation P"]
[Site "?"]
[Date "2018.02.04"]
[Round "6.8"]
[White "Wagner, Richard"]
[Black "Steinhagen, Bernd"]
[Result "0-1"]
[WhiteElo "1789"]
[BlackElo "2242"]
[PlyCount "78"]
[EventDate "2018.??.??"]

1. e4 c5 2. Nf3 Nc6 3. d4 cxd4 4. Nxd4 Nf6 5. Nc3 e6 6. Ndb5 Bb4 7. Nd6+ Ke7 8.
Nxc8+ Rxc8 9. Bd2 d5 10. exd5 Nxd5 11. Nxd5+ Qxd5 12. Bxb4+ Nxb4 13. Qxd5 Nxc2+
14. Kd2 exd5 15. Rc1 Nb4 16. a3 Rxc1 17. Kxc1 Rc8+ 18. Kb1 Nc6 19. Bd3 Ne5 20.
Bf5 Rc4 21. Re1 Kd6 22. f3 h6 23. Rd1 Nc6 24. Be4 Rd4 25. Rxd4 Nxd4 26. Bd3 Ke5
27. Kc1 Ne6 28. g3 Kd4 29. Kd2 Ng5 30. Be2 f5 31. h4 Ne6 32. b4 f4 33. g4 Nf8
34. a4 Ng6 35. h5 Ne5 36. a5 Nc6 37. a6 bxa6 38. Bxa6 Nxb4 39. Bb7 a5 0-1

[Event "OLNO 1718 LOK RAW Cottbus - SV Empor Be"]
[Site "?"]
[Date "2018.02.04"]
[Round "6.1"]
[White "Thinius, Marco"]
[Black "Kapp, Martin"]
[Result "1-0"]
[WhiteElo "2381"]
[BlackElo "2245"]
[PlyCount "99"]
[EventDate "2018.??.??"]

1. c4 c5 2. g3 g6 3. Bg2 Bg7 4. Nc3 Nc6 5. Nf3 e6 6. d4 cxd4 7. Nb5 d5 8. cxd5
exd5 9. O-O Nge7 10. Nbxd4 O-O 11. Be3 Bg4 12. Rc1 Qd7 13. Re1 Rfe8 14. Qd2
Rad8 15. Bg5 f6 16. Be3 Bf8 17. Red1 Ne5 18. b3 Nxf3+ 19. exf3 Bh3 20. Rc7 Qxc7
21. Bxh3 Nc6 22. Ne6 Qf7 23. Nxd8 Rxd8 24. Bf1 Bg7 25. f4 f5 26. Bb5 Qc7 27.
Bc5 a6 28. Bf1 Bf6 29. Qe3 Qc8 30. Rxd5 Rxd5 31. Bc4 Qd7 32. Bxd5+ Kg7 33. Qe6
Qxe6 34. Bxe6 Be7 35. Be3 Kf6 36. Bd5 a5 37. Kf1 Ba3 38. Ke2 Bb2 39. Bxc6 bxc6
40. Kd3 Ke6 41. Kc4 Kd6 42. Bd2 a4 43. bxa4 Bf6 44. a5 Kc7 45. Bc3 Be7 46. Bb4
Bf6 47. Bf8 Bb2 48. Be7 Kb7 49. Bd6 Bc1 50. Kc3 1-0

[Event "OLNO 1718 LOK RAW Cottbus - SV Empor Be"]
[Site "?"]
[Date "2018.02.04"]
[Round "6.2"]
[White "Manigk, Sebastian"]
[Black "Urban, Julian"]
[Result "0-1"]
[WhiteElo "2246"]
[BlackElo "2240"]
[PlyCount "37"]
[EventDate "2018.??.??"]

1. d4 b6 2. e4 Bb7 3. Bd3 e6 4. Nf3 Nf6 5. Qe2 d5 6. e5 Nfd7 7. c3 c5 8. Bg5
Be7 9. h4 h6 10. Bxe7 Qxe7 11. h5 Nc6 12. a3 O-O 13. Nbd2 f6 14. Nh4 fxe5 15.
Ng6 Qg5 16. Nxf8 Rxf8 17. dxe5 Ncxe5 18. O-O-O Rxf2 19. Qxf2 0-1

[Event "OLNO 1718 LOK RAW Cottbus - SV Empor Be"]
[Site "?"]
[Date "2018.02.04"]
[Round "6.3"]
[White "Meissner, Hans-Juergen"]
[Black "Pfeffer, Ruprecht"]
[Result "0-1"]
[WhiteElo "2266"]
[BlackElo "2248"]
[PlyCount "134"]
[EventDate "2018.??.??"]

1. d4 Nf6 2. Nf3 g6 3. c4 Bg7 4. Nc3 d5 5. cxd5 Nxd5 6. Bg5 c5 7. Rc1 Nxc3 8.
bxc3 O-O 9. e3 cxd4 10. cxd4 Bg4 11. Bh4 Nc6 12. Be2 Qa5+ 13. Qd2 Qxd2+ 14.
Nxd2 Be6 15. a3 Rac8 16. O-O h6 17. Bf3 g5 18. Bg3 Na5 19. h4 f5 20. hxg5 hxg5
21. Rfe1 b6 22. Be2 f4 23. Bh2 Bh6 24. Ba6 Rxc1 25. Rxc1 g4 26. Bxf4 Bxf4 27.
exf4 Rxf4 28. Re1 Kf7 29. Re4 Rxe4 30. Nxe4 Kg6 31. Nc3 Nb3 32. Ne2 Kg5 33. f4+
gxf3 34. gxf3 Bd5 35. Kf2 Nd2 36. Ng1 Nb1 37. a4 Nc3 38. Ke3 Nxa4 39. Ne2 Nb2
40. Nc3 Bc4 41. Bxc4 Nxc4+ 42. Ke4 Nd2+ 43. Ke3 Nc4+ 44. Ke4 Nd2+ 45. Ke3 Nb3
46. Ke4 Kf6 47. f4 Ke6 48. f5+ Kd7 49. Kd5 Na5 50. Ne4 Nb7 51. Ke5 b5 52. f6
exf6+ 53. Nxf6+ Kc6 54. Ne4 b4 55. d5+ Kb5 56. d6 b3 57. d7 Kb4 58. Kd5 b2 59.
Nd2 Kc3 60. Nb1+ Kc2 61. Na3+ Kb3 62. Nb1 a5 63. Kc6 Nd8+ 64. Kb5 a4 65. Nd2+
Kc3 66. Nb1+ Kc2 67. Na3+ Kb3 0-1

[Event "OLNO 1718 LOK RAW Cottbus - SV Empor Be"]
[Site "?"]
[Date "2018.02.04"]
[Round "6.4"]
[White "Kunze, Kerstin"]
[Black "Atkinson, Paul"]
[Result "0-1"]
[WhiteElo "2099"]
[BlackElo "2173"]
[PlyCount "54"]
[EventDate "2018.??.??"]

1. e4 e6 2. Qe2 c5 3. Nf3 Nc6 4. g3 g6 5. Nc3 d6 6. Bg2 Bg7 7. d3 Nge7 8. h4 h6
9. Be3 Qb6 10. Nd1 d5 11. O-O d4 12. Bd2 e5 13. Nh2 Be6 14. a4 Qc7 15. f4 O-O-O
16. a5 a6 17. b3 exf4 18. gxf4 f5 19. Nf2 Bf6 20. Nf3 Rde8 21. Ra4 Bf7 22. Qd1
g5 23. e5 g4 24. exf6 gxf3 25. Bh3 Rhg8+ 26. Kh1 Kb8 27. Bxf5 Nxf5 0-1

[Event "OLNO 1718 LOK RAW Cottbus - SV Empor Be"]
[Site "?"]
[Date "2018.02.04"]
[Round "6.5"]
[White "Welz, Peter"]
[Black "Franzke, Alexander"]
[Result "1/2-1/2"]
[WhiteElo "2023"]
[BlackElo "2027"]
[PlyCount "125"]
[EventDate "2018.??.??"]

1. e4 c5 2. Nc3 g6 3. g3 Bg7 4. Bg2 Nc6 5. d3 d6 6. f4 Nf6 7. Nf3 Nd4 8. h3 Nh5
9. Nxd4 cxd4 10. Ne2 e5 11. O-O exf4 12. g4 Ng3 13. Nxg3 fxg3 14. Qf3 O-O 15.
Qxg3 Be5 16. Bf4 Qe7 17. Bxe5 dxe5 18. c3 dxc3 19. bxc3 Qc5+ 20. Kh1 Be6 21. c4
f6 22. Rf2 Rad8 23. Raf1 Kg7 24. g5 fxg5 25. Rxf8 Rxf8 26. Rxf8 Kxf8 27. Qxg5
Kg7 28. h4 Qd6 29. h5 Bc8 30. h6+ Kf7 31. Qe3 Qd4 32. Qf3+ Ke7 33. Kh2 Qb2 34.
Qg3 Kf7 35. Qg5 Qd4 36. Qd2 b6 37. a4 a5 38. Bh3 Bxh3 39. Kxh3 Qg1 40. Qb2 Kf6
41. Qb5 Qe3+ 42. Kg2 Qd4 43. Qe8 Kg5 44. Qe7+ Kh5 45. Qxh7 Qxd3 46. Qb7 Qd2+
47. Kg3 Qe3+ 48. Kg2 Kxh6 49. Qd5 Qd4 50. Kf3 Kg5 51. Kg3 Qxd5 52. cxd5 Kf6 53.
Kg4 Ke7 54. Kg5 Kd6 55. Kxg6 b5 56. axb5 a4 57. Kf7 a3 58. b6 a2 59. b7 Kc7 60.
d6+ Kxb7 61. d7 a1=Q 62. d8=Q Qd4 63. Qxd4 1/2-1/2

[Event "OLNO 1718 LOK RAW Cottbus - SV Empor Be"]
[Site "?"]
[Date "2018.02.04"]
[Round "6.6"]
[White "Kirst, Julia"]
[Black "Silz, Elisa"]
[Result "1/2-1/2"]
[WhiteElo "1954"]
[BlackElo "1998"]
[PlyCount "157"]
[EventDate "2018.??.??"]

1. e4 c5 2. Nf3 d6 3. d3 g6 4. g3 Bg7 5. Bg2 Nc6 6. O-O e6 7. c3 Nge7 8. Re1
O-O 9. Nbd2 b5 10. Nf1 Rb8 11. Be3 b4 12. Qd2 Qa5 13. d4 bxc3 14. bxc3 cxd4 15.
cxd4 Qxd2 16. N1xd2 Ba6 17. Bf1 Bxf1 18. Kxf1 d5 19. e5 Nf5 20. Nb3 Nxe3+ 21.
Rxe3 Rfc8 22. Rc3 Bh6 23. a3 Rb6 24. Ra2 Rcb8 25. Nc5 Rd8 26. Rac2 Na5 27. g4
Bf8 28. Nd2 Bh6 29. Nf3 Nc4 30. g5 Bf8 31. Nd2 Bxc5 32. dxc5 Nxd2+ 33. Rxd2 Rc6
34. Ke2 Rb8 35. Kd3 Rb1 36. Rdc2 Rg1 37. f4 Rf1 38. Ke3 d4+ 39. Kxd4 Rxf4+ 40.
Ke3 Rf5 41. Ke4 Rxg5 42. Rd2 Rg4+ 43. Kf3 Ra4 44. Rd6 Rc7 45. c6 Ra6 46. Ke4
Kf8 47. Kd4 Ke7 48. Rb3 Raxc6 49. Rxc6 Rxc6 50. Rb7+ Kf8 51. Rxa7 Rc2 52. Ra8+
Kg7 53. a4 Rxh2 54. a5 Ra2 55. a6 h5 56. Ke4 Ra4+ 57. Kf3 f6 58. Ra7+ Kf8 59.
exf6 g5 60. Ra8+ Kf7 61. a7 Ra3+ 62. Ke4 Ra4+ 63. Kf3 Ra3+ 64. Ke4 Ra4+ 65. Kd3
Ra3+ 66. Kc4 h4 67. Rh8 Rxa7 68. Rh7+ Kxf6 69. Rxa7 Kf5 70. Kd4 Kf4 71. Rf7+
Kg3 72. Ke3 g4 73. Ke2 e5 74. Kf1 e4 75. Re7 h3 76. Rxe4 h2 77. Rxg4+ Kxg4 78.
Kg2 h1=Q+ 79. Kxh1 1/2-1/2

[Event "OLNO 1718 LOK RAW Cottbus - SV Empor Be"]
[Site "?"]
[Date "2018.02.04"]
[Round "6.7"]
[White "Gabriel, Reiner"]
[Black "Lehmann, Alexander"]
[Result "0-1"]
[WhiteElo "2130"]
[BlackElo "1967"]
[PlyCount "58"]
[EventDate "2018.??.??"]

1. d4 Nf6 2. c4 g6 3. Nc3 d5 4. cxd5 Nxd5 5. e4 Nxc3 6. bxc3 Bg7 7. Bc4 c5 8.
Ne2 Nc6 9. Be3 O-O 10. O-O Bg4 11. f3 Bd7 12. Qd2 Qa5 13. Rfd1 cxd4 14. cxd4
Qxd2 15. Rxd2 Rac8 16. Rb1 Na5 17. Bd3 a6 18. Rb6 e6 19. h4 Bf6 20. Bh6 Rfe8
21. Bg5 Bd8 22. Bxd8 Rexd8 23. Kf2 Be8 24. Ke3 Bb5 25. Rd1 Nc4+ 26. Bxc4 Rxc4
27. Rxb7 Rc2 28. Nf4 e5 29. Nd5 Re2# 0-1

[Event "OLNO 1718 LOK RAW Cottbus - SV Empor Be"]
[Site "?"]
[Date "2018.02.04"]
[Round "6.8"]
[White "Hering, Sven"]
[Black "Sivakumaran, Ramesh"]
[Result "1-0"]
[WhiteElo "1988"]
[BlackElo "1899"]
[PlyCount "83"]
[EventDate "2018.??.??"]

1. e4 c5 2. Nc3 d6 3. f4 Nc6 4. Nf3 g6 5. Bb5 Bg7 6. O-O Bd7 7. Bc4 e6 8. d3
Nge7 9. f5 gxf5 10. Ng5 Ne5 11. Qh5 N7g6 12. exf5 Nxc4 13. Nxf7 Qh4 14. Qxh4
Nxh4 15. f6 Kxf7 16. fxg7+ Kxg7 17. dxc4 Rhf8 18. Bg5 Nf5 19. g4 Nd4 20. Be7
Rxf1+ 21. Rxf1 Bc6 22. Bxd6 Nf3+ 23. Kf2 Rd8 24. Rd1 Kg6 25. Bxc5 Rxd1 26. Nxd1
Nxh2 27. Kg3 Nf3 28. Bxa7 e5 29. b4 Nd2 30. b5 Be4 31. Ne3 Nb1 32. Bc5 Nc3 33.
Ba3 Ne2+ 34. Kf2 Nd4 35. c3 Ne6 36. Bd6 Nf4 37. c5 Kf6 38. Nc4 Ng6 39. c6 bxc6
40. b6 c5 41. Bxc5 Nf4 42. Nd6 1-0

[Event "OLNO 1718 TuS Makkabi Berlin - SK Koeni"]
[Site "?"]
[Date "2018.02.04"]
[Round "6.1"]
[White "Berger, Steve"]
[Black "Kiesekamp, Marcos"]
[Result "1-0"]
[WhiteElo "2425"]
[BlackElo "2324"]
[PlyCount "53"]
[EventDate "2018.??.??"]

1. e4 e5 2. Nf3 Nc6 3. Bc4 Nf6 4. d3 Be7 5. O-O O-O 6. Bb3 d6 7. c3 Na5 8. Bc2
c5 9. Re1 Nc6 10. Nbd2 Qc7 11. Nf1 d5 12. Bg5 Be6 13. Qe2 dxe4 14. dxe4 Rfd8
15. Ne3 h6 16. Bh4 Nh5 17. Nd5 Bxd5 18. exd5 Nf4 19. Qe4 Bxh4 20. dxc6 Bf6 21.
Qh7+ Kf8 22. Nxe5 Bxe5 23. Qh8+ Ke7 24. Qxg7 Rg8 25. Rxe5+ Ne6 26. Rxe6+ Kxe6
27. Qxh6+ 1-0

[Event "OLNO 1718 TuS Makkabi Berlin - SK Koeni"]
[Site "?"]
[Date "2018.02.04"]
[Round "6.2"]
[White "Gazmaga, Stefan"]
[Black "Breier, Andreas"]
[Result "1/2-1/2"]
[WhiteElo "2148"]
[BlackElo "2378"]
[PlyCount "166"]
[EventDate "2018.??.??"]

1. c4 e5 2. Nc3 Nf6 3. g3 Be7 4. Bg2 O-O 5. Nf3 Nc6 6. d4 exd4 7. Nxd4 Bc5 8.
Nxc6 dxc6 9. Qxd8 Rxd8 10. Bg5 Be6 11. b3 Ba3 12. Bc1 Bb4 13. Bb2 Bf5 14. f3
Rd7 15. Rd1 Rad8 16. Rxd7 Rxd7 17. e4 Be6 18. Ke2 b5 19. cxb5 cxb5 20. Rd1 Rxd1
21. Kxd1 c6 22. Ne2 a5 23. Nf4 Bd7 24. Nd3 Be7 25. Bd4 Be6 26. Ne5 c5 27. Nc6
Bf8 28. Bxf6 gxf6 29. Nxa5 f5 30. f4 fxe4 31. Bxe4 f5 32. Bc6 b4 33. Bb5 Kg7
34. Ke2 Kf6 35. Kd3 Be7 36. Bc6 Bd8 37. Nc4 Bxc4+ 38. Kxc4 Be7 39. Kd5 Bf8 40.
Bb5 Be7 41. Bd3 h6 42. Bc4 Bf8 43. Kc6 Be7 44. h3 Bf8 45. Kd7 Be7 46. Ke8 Bd6
47. Bb5 Ke6 48. Bd7+ Kf6 49. Bc8 Bc7 50. Kd7 Ba5 51. Kc6 Bd8 52. Kxc5 Be7+ 53.
Kd5 Bf8 54. Kc4 Be7 55. Bb7 Bf8 56. Bd5 Bd6 57. Kb5 Be7 58. a4 bxa3 59. b4 Bd6
60. Ka4 h5 61. Kxa3 h4 62. gxh4 Bxf4 63. b5 Bc7 64. Kb4 Bb6 65. Kc4 Ke5 66. h5
Ba7 67. Bf3 Bb6 68. Bg4 f4 69. Kd3 Kf6 70. Ke4 Bc7 71. h4 Kg7 72. Kf5 Bd8 73.
Kxf4 Bxh4 74. b6 Bd8 75. b7 Bc7+ 76. Kf5 Kh8 77. Ke6 Bb8 78. Bf5 Bc7 79. h6 Bb8
80. Kd7 Bf4 81. Kc8 Be5 82. b8=Q Bxb8 83. Kxb8 Kg8 1/2-1/2

[Event "OLNO 1718 TuS Makkabi Berlin - SK Koeni"]
[Site "?"]
[Date "2018.02.04"]
[Round "6.4"]
[White "Sawlin, Michail"]
[Black "Lorenz, Sascha"]
[Result "1-0"]
[WhiteElo "2172"]
[BlackElo "2233"]
[PlyCount "103"]
[EventDate "2018.??.??"]

1. e4 d5 2. exd5 Qxd5 3. Nc3 Qd8 4. d4 Nf6 5. Bc4 a6 6. a4 Nc6 7. Nge2 Bf5 8.
O-O e6 9. Be3 Nb4 10. Bb3 Be7 11. Ng3 Bg6 12. Nce2 c5 13. Nf4 Nbd5 14. Nxg6
hxg6 15. a5 Qc7 16. Bxd5 Nxd5 17. Qf3 c4 18. h3 Bb4 19. Ne4 O-O-O 20. c3 Bxa5
21. Rxa5 Qxa5 22. Qxf7 Qb6 23. Bc1 Rhe8 24. Qxg7 e5 25. Rd1 exd4 26. Rxd4 Qc6
27. Qf7 Nb6 28. Rxd8+ Rxd8 29. Bf4 Nd5 30. Bg3 b5 31. Kh2 Nc7 32. Qf4 Kb7 33.
Nd6+ Rxd6 34. Qxd6 Qxd6 35. Bxd6 a5 36. g4 Kc6 37. Be5 Ne6 38. h4 Kd5 39. f4 b4
40. cxb4 axb4 41. h5 gxh5 42. gxh5 Ke4 43. h6 Nf8 44. Kg3 Kf5 45. Bd6 Nh7 46.
Bxb4 Kg6 47. Be7 Kxh6 48. f5 Kg7 49. Kf4 Kf7 50. Bh4 Nf8 51. Ke4 Nd7 52. Bf2
1-0

[Event "OLNO 1718 TuS Makkabi Berlin - SK Koeni"]
[Site "?"]
[Date "2018.02.04"]
[Round "6.5"]
[White "Niehaus, Frank"]
[Black "Emig, Edgar"]
[Result "1-0"]
[WhiteElo "2170"]
[BlackElo "2139"]
[PlyCount "80"]
[EventDate "2018.??.??"]

1. d4 Nf6 2. Bg5 d5 3. Bxf6 gxf6 4. e3 Bf5 5. c4 c6 6. Nc3 e6 7. Qb3 Qe7 8. Nf3
Qb4 9. Qxb4 Bxb4 10. cxd5 exd5 11. Kd2 Nd7 12. Bd3 Bg6 13. Nh4 Rg8 14. g3 Nb6
15. b3 Kd7 16. a3 Bd6 17. Nf5 Bc7 18. Nh6 Rge8 19. h4 Bd6 20. h5 Bxd3 21. Kxd3
Bf8 22. Nf5 h6 23. a4 a5 24. g4 Re6 25. Ne2 Nc8 26. Neg3 b6 27. f4 Nd6 28. Nxd6
Bxd6 29. Nf5 Rh8 30. Rac1 Ba3 31. Rc2 c5 32. Re1 Re4 33. Rf1 Rhe8 34. Rf3 cxd4
35. Nxd4 Bc5 36. Nf5 Rb4 37. Rc3 Bf8 38. Rf1 Bc5 39. Rf3 Rxe3+ 40. Rxe3 Bxe3
1-0

[Event "OLNO 1718 TuS Makkabi Berlin - SK Koeni"]
[Site "?"]
[Date "2018.02.04"]
[Round "6.6"]
[White "Paris, Grigori"]
[Black "Jahnz, Fabian"]
[Result "1/2-1/2"]
[WhiteElo "1969"]
[BlackElo "2247"]
[PlyCount "35"]
[EventDate "2018.??.??"]

1. e4 e5 2. Nf3 Nc6 3. Bb5 a6 4. Bxc6 dxc6 5. O-O Bg4 6. h3 Bh5 7. d3 f6 8.
Nbd2 Qd7 9. Re1 O-O-O 10. Nf1 g5 11. Ng3 Bg6 12. h4 h6 13. h5 Bf7 14. Nh2 Ne7
15. Ng4 Bg7 16. Qf3 Rhf8 17. Ne3 Be6 18. Ngf5 1/2-1/2